01011aab a2200217 4500001001000000003001000010005001700020008004100037022001400078040004100092041000800133100002600141245005700167300006100224520035000285650002200635773009900657942000800756945001200764999001700776768714001CO-MdFUSB20240605144827.0170509s1993 cr ||||| |||| 00| 0 spa d a1409-1968 aCO-MdFUSBbspacCO-MdFUSBdCO-MdFUSB aspa1 aLandrey, Pabloeautor10aY su discípulo, ¿dónde está?c/ Pablo Landrey aVolumen 10. Número 5 (1993), páginas 24-25c: 27 cm. aEl discipulado es una de las fuertes responsabilidades de la iglesia. Consiste en educar, capacitar e integrar a las personas en la dinámica de la vida cristiana. Esta vida se basa en la comunión intima con Dios, por medio de Jesucristo y está relacionada y establecida como resultado del evangelismo y de la regeneración del Espíritu. 0aDiscipulado929450 tApuntes Pastorales049442960186gVolumen 10. Número 5 (1993), páginas 24-25qPáginas 24 cANA aJTF-925 c49784d49784